Statistics for Guess the Animal by the Picture - B

Click here to take the quiz!

General Stats

  • This quiz has been taken 180 times
  • The average score is 8 of 16

Answer Stats

Answer% Correct
Black widow
84%
Buffalo
84%
Beaver
78%
Baboon
76%
Blue whale
70%
Barn owl
68%
Barracuda
63%
Bobcat
63%
Barnacle
47%
Bearded dragon
44%
Blue footed Booby
40%
Budgie
38%
Binturong
14%
Bongo
13%
Butterfly fish
12%
Barb
9%

Score Distribution

Percentile by Number Answered

Percent of People with Each Score

Your Score History

You have not taken this quiz